Borealis / (Registro nro. 14598)

Detalles MARC
000 -LIDER
fixed length control field 00766nam a2200265 a 4500
001 - NÚMERO DE CONTROL
Identificador de número de control 000007137
003 - IDENTIFICACDOR DE NÚMERO DE CONTROL
control field DO-SdBNP
005 - DATE AND TIME OF LATEST TRANSACTION
control field 20240314132203.0
007 - CAMPOS FIJOS DE DESCRIPCIÓN FÍSICA
fixed length control field 000007137
008 - ELEMENTOS DE LONGITUD FIJA
fixed length control field 090717s2016 mx 001 0 spa d
020 ## - ISBN
Canceled/invalid ISBN 9786071634733
040 ## - FUENTE DE CATALOGACIÓN
Agencia que crea de manera original el registro BPMSU
Idioma de catalogación spa
Agencia que realiza la transcripción BPMSU
082 #4 - NÚMERO DE CLASIFICACIÓN DECIMAL DE DEWEY
Classification number M861.6
Item number C416b 2016
Edition number 22
100 1# - ASIENTO PRINCIPAL -- NOMBRE PERSONAL
Nombre personal Cerón, Rocío.
Fechas asociadas con el nombre
245 10 - MENCIÓN DE TITULO
Título Borealis /
Mención de responsabilidad Rocío Cerón.
Subtítulo
260 ## - PUBLICACIÓN, DISTRIBUCIÓN, ETC. (PIE DE IMPRENTA)
Lugar de publicación, distribución, etc México :
Nombre del editor, distribuidor, etc. Fondo de Cultura Económica,
Fecha de publicación, distribución, etc 2016
300 ## - DESCRIPCIÓN FÍSICA
Extensión 95 p. ;
Dimensiones 23 cm.
Otros detalles físicos
490 0# - MENCIÓN DE SERIES
Mención de serie Colección poesía
590 ## - NOTA LOCAL
Texto de la nota local Inventariado, 2024/VM
650 #4 - ENCABEZAMIENTO DE MATERIA--TEMÁTICO
Término temático o nombre geográfico como elemento de entrada Poesía mexicana
Subdivisión temática general
Subdivisión cronológica
650 #4 - ENCABEZAMIENTO DE MATERIA--TEMÁTICO
Término temático o nombre geográfico como elemento de entrada Literatura mexicana
Subdivisión temática general
Subdivisión cronológica
Subdivisión geográfica
710 2# - ASIENTO SECUNDARIO -- NOMBRE CORPORATIVO
Nombre corporativo o de jurisdicción Fondo de Cultura Económica (México)
910 ## - VALIDACIÓN
Validación VMateo V. Control de calidad BPMSU
942 ## - ADDED ENTRY ELEMENTS (KOHA)
Source of classification or shelving scheme Dewey Decimal Classification
Koha item type Libros
Existencias
Withdrawn status Lost status Source of classification or shelving scheme Damaged status Not for loan Collection code Home library Current library Date acquired Total Checkouts Full call number Barcode Date last seen Price effective from Koha item type Copy number
    Dewey Decimal Classification     Colección General Biblioteca Pública Metropolitana Salomé Ureña Biblioteca Pública Metropolitana Salomé Ureña 03/14/2024   BPMSU CG M861.6 C416b 2016 BPMSU24030050 03/14/2024 03/14/2024 Libros  
    Dewey Decimal Classification     Colección General Biblioteca Pública Metropolitana Salomé Ureña Biblioteca Pública Metropolitana Salomé Ureña 03/14/2024   BPMSU CG M861.6 C416b 2016 BPMSU24030051 03/14/2024 03/14/2024 Libros e.2
    Dewey Decimal Classification     Colección General Biblioteca Pública Metropolitana Salomé Ureña Biblioteca Pública Metropolitana Salomé Ureña 03/14/2024   BPMSU CG M861.6 C416b 2016 BPMSU24030052 03/14/2024 03/14/2024 Libros e.3